| 000 | 00882nam a2200241 i 4500 | ||
|---|---|---|---|
| 001 | 88033 | ||
| 003 | ES-MaACL | ||
| 005 | 20251015063108.0 | ||
| 007 | t| | ||
| 008 | 041230s1932 fr ||||1| fre d | ||
| 100 | 1 |
_aLa Fontaine, Jean de, _d1621-1695 _969147 |
|
| 245 | 1 | 0 |
_aFables, contes et nouvelles / _cJean de La Fontaine ; texte établi et annoté par Edmond Pilon, Renè Groos (fables) et par Jacques Schiffrin (contes). |
| 260 |
_aParis : _bLa Pleiade, _c1932 ( _eCoulommiers) |
||
| 300 |
_aX, 751 p. ; _c18 cm. |
||
| 490 | 1 |
_aBibliothèque reliée de la Pléiade ; _v10 |
|
| 700 | 1 |
_aPilon, Edmond, _d1874-1945 _992042 |
|
| 700 | 1 |
_aGroos, René. _960137 |
|
| 700 | 1 |
_aSchiffrin, Jacques. _9104349 |
|
| 830 | 0 |
_aBibliothèque reliée de la Pléiade ; _v10 _9231814 |
|
| 852 |
_aES-MaACL _jA-2903 |
||
| 852 |
_aES-MaACL _jB-8427 |
||
| 999 |
_c88033 _d88033 |
||